000 00570nam a2200229Ia 4500
003 OSt
005 20221005121949.0
006 a|||||r|||| 00| 0
007 ta
008 221004b |||||||| |||| 00| 0 eng d
024 _a67787
037 _cTextual
040 _aCRL
_cCRL
_beng
041 _2eng
_aeng
082 _aX9J.2.N3, G7
100 _aPatel Ambalal D.
_9135528
245 0 _aIndian agricultural economics
260 _c1937
650 _aECONOMICS
942 _hX9J.2.N3, G7
_cTEXL
_2cc
999 _c1042822
_d1042822